Zambia national malaria indicator survey, 2008 (Record no. 33031)
[ view plain ]
| 000 -LEADER | |
|---|---|
| fixed length control field | 00764nam a2200169 a 4500 |
| 008 - FIXED-LENGTH DATA ELEMENTS--GENERAL INFORMATION | |
| fixed length control field | 131010s2008 ||||||||||||||||| || u |
| 050 ## - LIBRARY OF CONGRESS CALL NUMBER | |
| Classification number | GOV.ZAM.H4(058) |
| 110 ## - MAIN ENTRY--CORPORATE NAME | |
| Corporate name or jurisdiction name as entry element | Government of the Republic of Zambia. Ministry of Health |
| 245 10 - TITLE STATEMENT | |
| Title | Zambia national malaria indicator survey, 2008 |
| Statement of responsibility, etc. | by by Government of the Republic of Zambia, Ministry of Health [MoH] |
| 260 ## - PUBLICATION, DISTRIBUTION, ETC. | |
| Place of publication, distribution, etc. | Lusaka: |
| Name of publisher, distributor, etc. | Government of the Republic of Zambia, Ministry of Health |
| Date of publication, distribution, etc. | 2008 |
| 300 ## - PHYSICAL DESCRIPTION | |
| Extent | vi, 88p.: ill. |
| 362 1# - | |
| -- | <p>2008</p> |
| 650 ## - SUBJECT ADDED ENTRY--TOPICAL TERM | |
| Topical term or geographic name entry element | MALARIA |
| 650 ## - SUBJECT ADDED ENTRY--TOPICAL TERM | |
| Topical term or geographic name entry element | MALARIA SURVEY--ZAMBIA |
| 650 ## - SUBJECT ADDED ENTRY--TOPICAL TERM | |
| Topical term or geographic name entry element | MALARIA PREVENTION--ZAMBIA |
| 995 ## - | |
| -- | SPECIAL COLLECTIONS |
| -- | 1047 |
| -- | CBU-SCHOOL OF MEDICINE LIBRARY (Ndola) |
| -- | GOV.ZAM.H4(058)ZNMIS/2008 |
| -- | 1 |
| -- | AVAILABLE |
| -- | Oct 18, 2013 |
| -- | B1047 |
| -- | Zambiana Collection |
| 999 ## - | |
| -- | 33031 |
| -- | 33031 |
| Withdrawn status | Lost status | Source of classification or shelving scheme | Damaged status | Not for loan | Permanent Location | Current Location | Shelving location | Date acquired | Total Checkouts | Full call number | Barcode | Date last seen | Price effective from | Koha item type |
|---|---|---|---|---|---|---|---|---|---|---|---|---|---|---|
| CBU-SCHOOL OF MEDICINE LIBRARY, NDOLA. | CBU-SCHOOL OF MEDICINE LIBRARY, NDOLA. | 11/30/2022 | GOV.ZAM.H4(058) | B1047 | 11/30/2022 | 11/30/2022 | MONOGRAPH |